Längsten 49 Flüsse Bayern - Statistiken

Allgemein
  • Dieses Quiz wurde 79 mal gespielt
  • Das Durchschnittsergebnis liegt bei 12 aus 49
Antwortstatistiken
Länge in km Antwort % Korrekt
380,84 Donau
100%
218,76 Inn
94%
270,53 Isar
93%
166,46 Lech
84%
407,53 Main
81%
190,90 Regen
75%
113,46 Pegnitz
68%
139,47 Iller
63%
196,19 Altmühl
57%
97,77 Naab
51%
69,85 Saale
47%
59,57 Salzach
34%
83,31 Ilm
31%
168,00 Amper
28%
141,00 Wertach
25%
134,42 Paar
24%
87,64 Vils
21%
82,63 Vils
21%
63,54 Alz
19%
98,79 Loisach
18%
84,18 Aisch
16%
58,25 Mangfall
15%
131,81 Wörnitz
15%
140,18 Fränkische Saale
12%
54,58 Günz
12%
65,10 Itz
12%
112,60 Rott
12%
51,72 Weißer Main
10%
51,82 Glonn
9%
80,82 Mindel
9%
71,60 Abens
6%
71,60 Wern
6%
78,84 Fränkische Rezat
4%
100,51 Friedberger Ach
4%
69,41 Haidenaab
4%
81,02 Isen
4%
85,98 Schwarzach
4%
77,87 Schwarze Laber
4%
63,52 Sinn
4%
78,84 Wiesent
4%
65,96 Baunach
3%
88,19 Große Laber
3%
74,01 Kammel
3%
53,92 Pfreimd
3%
56,63 Reiche Ebrach
3%
95,77 Schmutter
3%
97,46 Zusam
3%
60,58 Langenmühlbach
1%
60,92 Tirschenreuther Waldnaab
1%
Keine übereinstimmenden Quizze gefunden
Verteilung der Resultate
Anzahl Personen mit jedem Resultat
Perzentil nach korrekt beantworteten Fragen
Ihre Resultats-Entwicklung
Sie haben dieses Quiz noch nicht gespielt